Aguas termo-alcalinas ferruginosas bicarbonatadas nitrogenadas (variedad litínicas) de Urberuaga de Alzola (Guipúzcoa) (Record no. 164264)

MARC details
000 -LEADER
campo de control de longitud fija 01036nam a2200193 i 4500
001 - NÚMERO DE CONTROL
campo de control 164264
003 - IDENTIFICADOR DE NÚMERO DE CONTROL
campo de control ES-MaACL
005 - FECHA Y HORA DE LA ÚLTIMA TRANSACCIÓN
campo de control 20230906212914.0
008 - DATOS DE LONGITUD FIJA--INFORMACIÓN GENERAL
campo de control de longitud fija 931025s1877 sp |||| | spa d
100 1# - ENTRADA PRINCIPAL--NOMBRE DE PERSONA
Nombre de persona Sáenz Díez, Manuel.
9 (RLIN) 101327
245 10 - MENCIÓN DEL TÍTULO
Título Aguas termo-alcalinas ferruginosas bicarbonatadas nitrogenadas (variedad litínicas) de Urberuaga de Alzola (Guipúzcoa)
Resto del título : analisis y virtudes medicinales /
Mención de responsabilidad, etc. por... Manuel Saenz Diez y Jose Maria Hernandez Sanz.
260 ## - PUBLICACIÓN, DISTRIBUCIÓN, ETC.
Lugar de publicación, distribución, etc. Madrid :
Nombre del editor, distribuidor, etc. [s.n.],
Fecha de publicación, distribución, etc. 1877 (
Fabricante Imp. de Gregorio Hernando)
300 ## - DESCRIPCIÓN FÍSICA
Extensión 44 p. ;
Dimensiones 21 cm.
594 ## - Nota al título y mención de responsabilidad
Nota al título y mención de responsabilidad Precede al tít.: Establecimiento termal de Alzola.
650 ## - PUNTO DE ACCESO ADICIONAL DE MATERIA--TÉRMINO DE MATERIA
Término de materia o nombre geográfico como elemento de entrada Aguas minerales-
Subdivisión geográfica País Vasco.
9 (RLIN) 172296
711 21 - ENTRADA AGREGADA--NOMBRE DE REUNIÓN
Nombre de congreso/reunión o jurisdicción como elemento de entrada Hernandez Sanz, Jose Maria.
9 (RLIN) 135162
852 ## - LOCALIZACIÓN
Ubicación ES-MaACL
Número de control de estantería T-470-F-14
Nota libre -- Enc. hol.
condición física -- Falto de la cub. original
Nota libre -- Enc. en un vol. facticio
-- .-Dedicatoria manuscrita de Gustavo Saenz Diez a "Los Escolares Médicos"
852 ## - LOCALIZACIÓN
Ubicación ES-MaACL
Número de control de estantería T-341-F-5
Nota libre -- Enc. hol.
condición física -- Falto de la cub. original
Nota libre -- Enc. en un vol. facticio
Holdings
Estatus retirado Estado de pérdida Estado de daño No para préstamo Colección Biblioteca de origen Biblioteca actual Ubicación en estantería Fecha de adquisición Total de préstamos Signatura topográfica completa Código de barras Visto por última vez Precio de reemplazo Tipo de ítem Koha
        Colección de folletos Biblioteca del Ateneo de Madrid Biblioteca del Ateneo de Madrid Depósito folletos 17/01/2008   T-341-F-5 1172174 23/02/2023 23/02/2023 Folleto
        Colección de folletos Biblioteca del Ateneo de Madrid Biblioteca del Ateneo de Madrid Depósito folletos 17/01/2008   T-470-F-14 1172173 23/02/2023 23/02/2023 Folleto